A guide to the Workplace Regulations (Record no. 70803)
[ view plain ]
| 000 -LEADER | |
|---|---|
| fixed length control field | 01213cam a2200229 4500 |
| 001 - CONTROL NUMBER | |
| control field | ABS65718 |
| 008 - FIXED-LENGTH DATA ELEMENTS--GENERAL INFORMATION | |
| fixed length control field | 020723n2002 000 0 eng u |
| 035 ## - SYSTEM CONTROL NUMBER | |
| System control number | (Sirsi) u119009 |
| 100 ## - MAIN ENTRY--PERSONAL NAME | |
| Personal name | Lamont, S |
| 245 #2 - TITLE STATEMENT | |
| Title | A guide to the Workplace Regulations |
| 260 ## - PUBLICATION, DISTRIBUTION, ETC. | |
| Date of publication, distribution, etc. | 2002 |
| 490 ## - SERIES STATEMENT | |
| Series statement | Facilities Management |
| Volume/sequential designation | 9(10) July 2002, 24-25(2) |
| 520 ## - SUMMARY, ETC. | |
| Summary, etc. | Examines the Workplace (Health, Safety and Welfare) Regulations 1992 and provides practical advice on how to comply. The Workplace Regulations govern the health and safety of workplace facilities, apply to the majority of workplaces and were fully implemented on 1 January 1996. There is an Approved Code of Practice (ACoP) to help employers comply with the Regulations. Explains who has a duty to comply with the Regulations and outlines the main provisionsBriefly sets out enforcement measures, expanding on cautions and prosecutions. Concludes with practical tips to avoid being in breach of the Regulations. |
| 590 ## - LOCAL NOTE (RLIN) | |
| Local note | ABS |
| 650 ## - SUBJECT ADDED ENTRY--TOPICAL TERM | |
| Topical term or geographic name entry element | FACILITIES MANAGEMENT |
| 9 (RLIN) | 6240 |
| 650 ## - SUBJECT ADDED ENTRY--TOPICAL TERM | |
| Topical term or geographic name entry element | COMPLIANCE |
| 650 ## - SUBJECT ADDED ENTRY--TOPICAL TERM | |
| Topical term or geographic name entry element | ENFORCEMENT |
| 650 ## - SUBJECT ADDED ENTRY--TOPICAL TERM | |
| Topical term or geographic name entry element | HEALTH AND SAFETY |
| 9 (RLIN) | 6244 |
| 650 ## - SUBJECT ADDED ENTRY--TOPICAL TERM | |
| Topical term or geographic name entry element | WORKPLACE REGULATIONS |
| 690 ## - LOCAL SUBJECT ADDED ENTRY--TOPICAL TERM (OCLC, RLIN) | |
| Topical term or geographic name as entry element | Health and safety |
| 9 (RLIN) | 6244 |
| 942 ## - ADDED ENTRY ELEMENTS (KOHA) | |
| Suppress in OPAC | 0 |
| Withdrawn status | Lost status | Source of classification or shelving scheme | Damaged status | Not for loan | Home library | Current library | Shelving location | Date acquired | Total Checkouts | Full call number | Barcode | Date last seen | Copy number | Price effective from | Koha item type |
|---|---|---|---|---|---|---|---|---|---|---|---|---|---|---|---|
| Dewey Decimal Classification | London | London | Journal article | 23/07/2002 | ABS65718 | 119009-1001 | 06/08/2019 | 1 | 06/08/2019 | Journal article |